| 000 | 02043nac a22003611u 4500 | ||
|---|---|---|---|
| 999 |
_c2643 _d2643 |
||
| 003 | EG-ScBUE | ||
| 005 | 20200112092613.0 | ||
| 008 | 200112t2003 nyuab f be 001 0 eng d | ||
| 020 | _a157958425X (Volume 1) | ||
| 020 | _a9781579584252 (Volume 1) | ||
| 020 | _a1579584241 (Volume 2) | ||
| 020 | _a9781579584245 (Volume 2) | ||
| 020 | _a1579584403 (Volume 3) | ||
| 020 | _a9781579584405 (Volume 3) | ||
| 040 |
_aEG-ScBUE _beng _erda _cEG-ScBUE _dEG-ScBUE |
||
| 082 | 0 | 4 |
_a910.403 _bLIT _222 |
| 245 | 0 | 0 |
_aLiterature of travel and exploration : _ban encyclopedia / _cJennifer Speake, editor. |
| 264 | 1 |
_aNew York ; _aLondon : _bFitzroy Dearborn, _c[2003] |
|
| 264 | 4 | _cc 2003 | |
| 300 |
_a3 volumes : _billustrations, maps ; _c 29 cm |
||
| 336 |
_2rdacontent _atext _btxt |
||
| 337 |
_2rdamedia _aunmediated _bn |
||
| 338 |
_2rdacarrier _avolume _bnc |
||
| 504 | _aIncludes bibliographical references and index. | ||
| 505 | 0 | _aVolume 1. A-F -- Volume 2. G-P -- Volume 3. R-Z. | |
| 520 | _a"Connoisseurs of travel writing and those planning a trip will delight in this new encyclopedia. Entries describe journeys, voyages, and routes; world travelers and their writings in diaries, letters, logbooks, and postcards; remarkable destinations; geographers and cartographers; and contemporary travel writers and their works. Author entries include biographical profiles. Each entry is complete with a list of references and further readings. Volume one contains two listings that are useful for browsing the three-volume set -- an alphabetical listing of entries and a thematic list of entries. Volume three has a bibliography of all works and articles referenced in the entries as well as a general index."--"The Top 20 Reference Titles of the Year," American Libraries, May 2004. | ||
| 650 | 7 |
_aTravel writing _vEncyclopedias. _2BUEsh |
|
| 650 | 7 |
_aVoyages and travels _vEncyclopedias. _2BUEsh |
|
| 653 |
_bHHUUEENN _cJanuary2020 |
||
| 655 | _vReading book | ||
| 700 | 1 |
_aSpeake, Jennifer, _eeditor. |
|
| 942 |
_cREFERENCE _k910.403 LIT _2ddc |
||